Statistiques concernant Les pays ayant disputé au moins une coupe du monde de football

Cliquez ici pour prendre le quiz!

Statistiques générales

  • Ce quiz a été pris 1 100 fois
    (659 depuis la dernière actualisation)
  • Le résultat moyen est 61 sur 84

Statistiques - réponses

Nombre de participationsPaysPremière participationDernière participationMeilleur résultat% Correct
Argentine19302022Champion
98%
22Brésil19302022Champion
98%
16France19302022Champion
98%
20Allemagne19342022Champion
97%
18Italie19342014Champion
96%
Espagne19342022Champion
95%
Maroc19702022Demi-finales
95%
Angleterre19502022Champion
94%
14Uruguay19302022Champion
94%
Canada19862022Phase de poules
93%
11États-Unis19302022Troisième
93%
Japon19982022Huitièmes de finale
93%
Portugal19662022Troisième
93%
Russie19942018Quarts de finale
93%
4Algérie19822014Huitièmes de finale
92%
Australie19742022Huitièmes de finale
91%
Belgique19302022Troisième
89%
17Mexique19302022Quarts de finale
89%
Pays-Bas19342022Finaliste
89%
Chine20022002Phase de poules
88%
Corée du Sud19542022Demi-finales
88%
Croatie19982022Troisième
88%
12Suède19342018Finaliste
88%
Afrique du Sud19982010Phase de poules
87%
9Chili19302014Troisième
87%
Suisse19342022Quarts de finale
86%
Irlande19902002Quarts de finale
85%
Norvège19381998Huitièmes de finale
85%
Sénégal20022022Quarts de finale
85%
Tunisie19782022Phase de poules
85%
Danemark19862022Quarts de finale
83%
Égypte19342018Phase de poules
83%
6Colombie19622018Quarts de finale
82%
Pologne19382022Troisième
82%
Qatar20222022Phase de poules
81%
Cameroun19822022Quarts de finale
79%
2Turquie19542002Troisième
79%
Arabie Saoudite19942022Huitièmes de finale
78%
Ukraine20062006Quarts de finale
78%
Grèce19942014Huitièmes de finale
77%
Hongrie19341986Finaliste
77%
Nouvelle-Zélande19822010Phase de poules
76%
5Pérou19302018Quarts de finale
76%
Paraguay19302010Quarts de finale
74%
Corée du Nord19662010Quarts de finale
73%
Ghana20062022Quarts de finale
71%
Iran19782022Phase de poules
71%
Serbie20182022Phase de poules
71%
Serbie-et-Monténégro19982006Phase de poules
71%
Autriche19341998Troisième
70%
Islande20182018Phase de poules
70%
Zaire19741974Phase de poules
70%
Écosse19541998Phase de poules
69%
Costa Rica19902022Quarts de finale
68%
Équateur20022022Huitièmes de finale
68%
Pays de Galles19582022Quarts de finale
68%
7Roumanie19301998Quarts de finale
68%
Cote d'Ivoire20062014Phase de poules
67%
Nigéria19942018Huitièmes de finale
67%
Slovaquie20102010Huitièmes de finale
67%
Slovénie20022010Phase de poules
66%
3Bolivie19301994Phase de poules
64%
République Tchèque20062006Phase de poules
64%
Bulgarie19621998Demi-finales
61%
Panama20182018Phase de poules
60%
Honduras19822014Phase de poules
59%
Irak19861986Phase de poules
57%
8Yougoslavie19301990Demi-finales
57%
Bosnie-Herzégovine20142014Phase de poules
55%
URSS19581990Troisième
55%
1Cuba19381938Quarts de finale
50%
Israel19701970Phase de poules
50%
Irlande du Nord19581986Quarts de finale
49%
Tchécoslovaquie19341990Finaliste
46%
Jamaique19981998Phase de poules
44%
Togo20062006Phase de poules
41%
Indonésie19381938Phase de poules
39%
Angola20062006Phase de poules
37%
Allemagne de l'Est19741974Quarts de finale
35%
Salvador19701982Phase de poules
34%
Émirats Arabes Unis19901990Phase de poules
33%
Haiti19741974Phase de poules
32%
Koweit19821982Phase de poules
32%
Trinité-et-Tobago20062006Phase de poules
22%

Distribution des résultats

Percentile par nombre de réponses

% des personnes avec chaque résultat

Votre développement - résultats

Vous n’avez pas pris ce quiz depuis la dernière actualisation